UBT Library

MYCOLOGIA MORPHOLOGICAL (Record no. 59296)

000 -LEADER
fixed length control field 00316nam a22001457a 4500
008 - FIXED-LENGTH DATA ELEMENTS--GENERAL INFORMATION
fixed length control field 230202b ||||| |||| 00| 0 eng d
020 ## - INTERNATIONAL STANDARD BOOK NUMBER
International Standard Book Number 00275514
041 ## - LANGUAGE CODE
Language code of text/sound track or separate title eng
080 ## - UNIVERSAL DECIMAL CLASSIFICATION NUMBER
Edition identifier 88
Universal Decimal Classification number 575
082 ## - DEWEY DECIMAL CLASSIFICATION NUMBER
Classification number 575RAN
100 ## - Rafti
Rafti 13
101 ## - Shkurtesa
Shkurtesa BIO
245 ## - TITLE STATEMENT
Title MYCOLOGIA MORPHOLOGICAL
Statement of responsibility, etc ROSSMAN Y A
942 ## - ADDED ENTRY ELEMENTS (KOHA)
Source of classification or shelving scheme
Item type Books
Holdings
Withdrawn status Lost status Source of classification or shelving scheme Damaged status Not for loan Collection code Permanent location Current location Date acquired Total Checkouts Full call number Barcode Date last seen Price effective from Koha item type
          Koleksioni i përgjithshem UBT - Lipjan UBT - Lipjan 02/02/2023   575RAN 003-190 02/02/2023 02/02/2023 Books
          Koleksioni i përgjithshem UBT - Lipjan UBT - Lipjan 02/02/2023   575RAN 003-192 02/02/2023 02/02/2023 Books
          Koleksioni i përgjithshem UBT - Lipjan UBT - Lipjan 02/02/2023   575RAN 003-193 02/02/2023 02/02/2023 Books
          Koleksioni i përgjithshem UBT - Lipjan UBT - Lipjan 02/02/2023   575RAN 003-195 02/02/2023 02/02/2023 Books
          Koleksioni i përgjithshem UBT - Lipjan UBT - Lipjan 02/02/2023   575RAN 003-196 02/02/2023 02/02/2023 Books
          Koleksioni i përgjithshem UBT - Lipjan UBT - Lipjan 02/02/2023   575RAN 003-197 02/02/2023 02/02/2023 Books
UBT Library © 2015-2024. All rights reserved University Education for Business and Technology